Oracle9i DBA handbook

Salvato in:
Dettagli Bibliografici
Autori principali: Loney, Kevin (autor), Theriault, Marlene (Autore)
Natura: Libro
Lingua:inglese
Pubblicazione: Nueva York McGraw Hill 2002
Soggetti:
Tags: Aggiungi Tag
Nessun Tag, puoi essere il primo ad aggiungerne!!

MARC

LEADER 00000nam a2200000 a 4500
001 UCM9919
003 CL-VaPUC
008 030530e20020000US |||||||||||||||||eng|d
082 0 4 |a 005.758  |b LON  |2 21 
100 |a Loney, Kevin  |e autor  |9 476564 
700 0 |a Theriault, Marlene  |e author  |9 476565 
245 1 0 |a Oracle9i DBA handbook 
300 |a 980 p 
942 |c BK 
945 |d 20030530 00:00:00  |a vberengu 
260 |a Nueva York  |b McGraw Hill  |c 2002 
650 0 |a Bases de datos   |9 260577 
650 7 |a SISTEMAS INFORMATICOS DISTRIBUIDOS  |2 CL-VaPUC  |9 468732 
650 0 |a Aplicaciones web  |9 468232 
583 |a last modification  |c 20030530 00:00:00  |k Rodrigo Vera 
999 |c 303998  |d 303996 
952 |0 0  |1 0  |4 0  |6 005_758000000000000_LON_2002  |7 0  |8 A  |9 365705  |a BIBING  |b BIBING  |d 2019-11-21  |i 3911160  |o 005.758 LON 2002  |p 3911160  |r 2025-01-20  |w 2019-11-21  |y BK  |k ING